Environmental Management (Record no. 2309)

MARC details
000 -LEADER
fixed length control field 00394nam a22001697a 4500
005 - DATE AND TIME OF LATEST TRANSACTION
control field 20180425105735.0
008 - FIXED-LENGTH DATA ELEMENTS--GENERAL INFORMATION
fixed length control field 160601b xxu||||| |||| 00| 0 eng d
020 ## - INTERNATIONAL STANDARD BOOK NUMBER
ISBN 81-7446-346-2
041 ## - LANGUAGE CODE
Language code of text/sound track or separate title eng
082 ## - DEWEY DECIMAL CLASSIFICATION NUMBER
Item number 6575
Classification number 363.7
100 ## - MAIN ENTRY--AUTHOR NAME
Personal name Uberoi, N.K.
245 ## - TITLE STATEMENT
Title Environmental Management
260 ## - PUBLICATION, DISTRIBUTION, ETC. (IMPRINT)
Name of publisher Excel Books
Year of publication 2010
300 ## - PHYSICAL DESCRIPTION
Number of Pages 397
650 ## - SUBJECT ADDED ENTRY--TOPICAL TERM
Topical Term Management
942 ## - ADDED ENTRY ELEMENTS (KOHA)
Koha item type Books
Holdings
Lost status Damaged status Collection code Home library Current library Shelving location Date acquired Cost, normal purchase price Full call number Accession Number Koha item type
    MANAGEMENT JRU Library JRU Library SHELF-61-G 01/06/2016 310.00 363.7 6575 Books
    MANAGEMENT JRU Library JRU Library SHELF-61-G 01/06/2016 310.00 363.7 6576 Books
    MANAGEMENT JRU Library JRU Library SHELF-61-G 01/06/2016 310.00 363.7 6577 Books
    MANAGEMENT JRU Library JRU Library SHELF-61-G 01/06/2016 310.00 363.7 6578 Books
    MANAGEMENT JRU Library JRU Library SHELF-61-G 01/06/2016 310.00 363.7 6579 Books
    MANAGEMENT JRU Library JRU Library SHELF-61-G 01/06/2016 310.00 363.7 6580 Books
    MANAGEMENT JRU Library JRU Library SHELF-61-G 01/06/2016 310.00 363.7 6581 Books
    MANAGEMENT JRU Library JRU Library SHELF-61-G 01/06/2016 310.00 363.7 6582 Books
    MANAGEMENT JRU Library JRU Library SHELF-61-G 01/06/2016 310.00 363.7 6583 Books
    MANAGEMENT JRU Library JRU Library SHELF-61-G 01/06/2016 310.00 363.7 6584 Books